| 000 | 01130nam a2200313 a 4500 | ||
|---|---|---|---|
| 001 | 000013663 | ||
| 003 | DO-SdBNP | ||
| 005 | 20251211111457.0 | ||
| 008 | 091127s2003 dr r 000 0 spa d | ||
| 020 | _a9993425486 | ||
| 040 |
_aDO-SdBNP _bspa _cBNPHU |
||
| 082 | 4 |
_a362.5 _bV715t _222 |
|
| 100 | 1 |
_aVillamán, Marcos, _d1950- _931096 |
|
| 245 | 1 | 0 |
_aTrastocar las lógicas empujar los límites : _bdemocracia, ciudadanía y equidad / _cMarcos Villamán. |
| 260 |
_aSanto Domingo : _bINTEC, _c2003. |
||
| 500 | _aIncluye datos biográficos del autor en la contracubierta. | ||
| 500 | _aIncluye notas al pie de páginas. | ||
| 504 | _aBibliografía : p. 221-223. | ||
| 590 | _aInventariado, 2018/BT | ||
| 650 | 0 |
_aPobreza _91525 |
|
| 650 | 0 |
_aDemocracia _zAmérica Latina _9286 |
|
| 650 | 4 |
_aSociedad civil _zAmérica Latina _94079 |
|
| 650 | 4 |
_aAmérica latina _xCondiciones sociales _931098 |
|
| 650 | 0 |
_aSociología cristiana _95839 |
|
| 650 | 4 |
_aAsistencia económica interior _931099 |
|
| 710 | 2 |
_aInstituto Tecnológico de Santo Domingo _978911 |
|
| 910 | _aValidado. Control de calidad. EMS | ||
| 942 |
_2ddc _cLBS1 |
||
| 999 |
_c13277 _d13277 |
||